zpět

Detail výsledku týmu

V Sokolovně, Blatná

Datum a čas kvízu

4 Celkem bodů Celkový počet nahraných bodů na tomto kvízu bez doplňovacích otázek.
3. Pořadí na kvízu Konečné umístění týmu na tomto kvízu.

Zaznamenané odpovědi

# Otázka Odpověď Body Výsledky
1. Minulý týden se v pražských Z... Bolt 0
2. Ke dvěma a půl letům vězení by... D 0
3. Jedno z nejnovějších děl umělc... C) ve Veselí nad Moravou 0
4. Někteří obyvatelé Německa, pře... kebab 0
5. Po dvanáctidenní plavbě dovezl... Marseille 0
6. Podíváme se do zemí či krajů,... Genovia, Anne Hathaway 1
7. Ve filmu Tři veteráni ztvárnil... B 1
8. Brobdingnag, Laputa, Balnibarb... Gulliverovy cesty 1
9. Přiřaďte tyto postavy z knižní... 1D 2A 3B 4C 0
10. Děj které humoristické novely... Rozmarné léto 1